Revue de l'OCDE sur le droit et la politique de la concurrence
Enregistré dans:
| Format: | Publication en série |
|---|---|
| Langue: | anglais |
| Publié: |
Paris
2002
|
| Sujets: | |
| Tags: |
Pas de tags, Soyez le premier à ajouter un tag!
|
MARC
| LEADER | 00000nas2a2200000 4500 | ||
|---|---|---|---|
| 001 | 0039497 | ||
| 005 | 20060306102342.4 | ||
| 022 | |a 1560-7798 | ||
| 041 | 0 | |a eng | |
| 044 | |a FR | ||
| 245 | 1 | 0 | |a Revue de l'OCDE sur le droit et la politique de la concurrence |
| 264 | 1 | |a Paris |c 2002 | |
| 773 | 0 | |w eu_un_cat*s123766 | |
| 610 | 2 | 0 | |a konkurencia |
| 610 | 2 | 0 | |a právo |
| 610 | 2 | 0 | |a OECD publikácie |
| 610 | 2 | 0 | |a OECD |